000 00775nam a22002177a 4500
003 UA-OsUOA
001 136045
007 ta
008 20190304b un ||||| |||| 00| 0 ukr d
100 _aЦіватий В. Г.
090 _a93
_bЦ75
942 _cSA
040 _aUA-OsUOA
_bukr
_cUA-OsUOA
_dUA-OsUOA
245 _aДипломатичні раути й дилеми нової дипломатії періоду Тридцятилітньої війни (1618-1648 рр.): інституціональний дискурс
300 _aС. 53-66
955 _a0
041 _aukr
080 _a93
773 0 _w136043
_tПроблеми всксвітньої історії
_dК.
_d2018
_g2
650 7 _a9 Географія. Біографії. Історія
_2UDC
999 _c408983
_d408983